Quiz o Robercie Lewandowskim - piłka nożna - Statystyki

Ogólne statystyki
  • Ten quiz został rozwiązany 177 razy
  • Średni wynik to 8 z 12
Statystyki odpowiedzi
Zagadnienie Odpowiedź % Poprawnych
Ilu minut potrzebował Robert Lewandowski, aby strzelić 5 goli Wolfsburgowi w 2015 roku? 9
88%
Jakiej drużynie Robert Lewandowski strzelił 4 bramki w półfinale Ligi Mistrzów w 2013 roku? Real Madryt
86%
Ile złotych piłek ma na koncie Robert Lewandowski 0
80%
Ile bramek strzelił Robert Lewandowski w Bundeslidze w sezonie 2020/21 41
70%
W którym sezonie Robert Lewandowski zadebiutował w FC Barcelonie 22/23
69%
W jakim klubie wtedy grał? Lech Poznań
68%
W którym roku Robert Lewandowski wygrał Ligę Mistrzów 2020
67%
W którym roku urodził się Robert Lewandowski? 1988
58%
W którym mieście urodził się Robert Lewandowski? Warszawa
57%
W którym sezonie zadebiutował w Borussi Dortmund? 10/11
54%
W którym roku Robert Lewandowski zadebiutował w reprezentacji Polski? 2008
52%
Który sezon po raz pierwszy zakończył z mistrzostwem Niemiec? 10/11
22%
Nie znaleziono quizów pasujących do podanych kryteriów
Rozkład punktacji
Procent ludzi z każdym wynikiem
Percentyl według liczby udzielonych odpowiedzi
Twoja historia wyników
Nie rozwiązałeś tego quizu